Teen Mom Analogies - Statistics

General Stats
  • This quiz has been taken 29 times
  • The average score is 19 of 22
Answer Stats
Hint Answer % Correct
Simon is to Farrah as Kieffer is to _______ Jenelle
100%
Corey is to Aleeah as ______ is to Adalynn Jeremy
96%
Kaiser is to Jenelle as _______ is to Kailyn Lincoln
96%
Barbara is to Jace as Debra is to ______ Sophia
96%
Cole is to Adam as ______ is to Ryan Taylor
96%
Jason Aldean is to Chelsea as Kesha is to _______ Jenelle
93%
Isaac is to Lincoln as Jace is to _____ Kaiser
93%
Vee is to Kailyn as _______ is to Leah Miranda
93%
Farrah is to Debra as Jenelle is to _______ Barbara
89%
Taylor is to Bentley as ____ is to Aubree Cole
89%
Gary is to Amber as __ is to Kailyn Jo
89%
Paislee is to Aubree as Emilee is to ____ Leah
89%
Trick-or-treating is to Ryan as father-daughter dance is to ____ Adam
85%
Adalynn is to Corey as _____ is to Ryan Jayde
85%
Bookout is to Maci as ______ is to Chelsea Houska
81%
Emilee is to Amber as _______ is to Chelsea Paislee
81%
Choir is to Aliannah as _____ is to Aleeah Cheer
78%
Chelsea is to South Dakota as Kailyn is to ________ Delaware
74%
Jeremy is to Aliannah as ______ is to Jace Nathan
74%
Larry is to Maci as _____ is to Catelynn Butch
70%
Leah is to Aliannah as ________ is to Nova Catelynn
70%
Jen is to Maci as ___ is to Catelynn Kim
48%
No matching quizzes found
Score Distribution
Percent of People with Each Score
Percentile by Number Answered
Your Score History
You have not taken this quiz